| 000 | nam a22 7a 4500 | ||
|---|---|---|---|
| 999 |
_c332353 _d332353 |
||
| 003 | NUST | ||
| 005 | 20171129092916.0 | ||
| 008 | 171129b xxu||||| |||| 00| 0 eng d | ||
| 020 | _a9789698535391 | ||
| 040 | _cNUST | ||
| 082 |
_a297.1229 _bMUM |
||
| 100 |
_aIqbal, Mumtaz _96827 |
||
| 245 |
_aKhulq ul Quran / _cMumtaz Iqbal Malik |
||
| 260 |
_aIslamabad: _bNust publishing, _c2017 |
||
| 300 | _a278 pages | ||
| 650 |
_aQuran- special topics _96828 |
||
| 880 |
_6100-01\r _aممتاز اقبال ملک |
||
| 880 |
_6245-02\r _aخُلقُ القرآن _cممتاز اقبال ملک |
||
| 880 |
_6260-03\r _aاسلام آباد: _bنسٹ پبلشنگ، _c2017 |
||
| 942 |
_2ddc _cBK |
||